Statistics for Survivor Contestants Season 1: Borneo

Click here to take the quiz!

General Stats

  • This quiz has been taken 180 times
  • The average score is 14 of 16

Answer Stats

FinishContestant% Correct
2ndKelly Wiglesworth
100%
WinnerRichard Hatch
99%
3rdRudy Boesch
97%
4thSusan Hawk
97%
8thJenna Lewis
93%
7thGervase Peterson
92%
6thColleen Haskell
88%
9thGreg Buis
88%
16thSonja Christopher
87%
15thB.B. Andersen
84%
5thSean Kenniff
81%
10thGretchen Cordy
76%
12thDirk Been
73%
13thRamona Gray
68%
14thStacey Stillman
67%
11thJoel Klug
66%

Score Distribution

Percentile by Number Answered

Percent of People with Each Score

Your Score History

You have not taken this quiz